000 00709nam a2200277Ia 4500
001 47067
005 20240114003817.0
007 ta
008 080101s2003 ii g b000 u 465 u
020 _cHB
040 _aCottonCollege,Assam
041 _a465
082 _a910.133
_bHo 781 Ma
100 _aHordern , Bob .
245 0 _aManaging Issues in Geography /
_cBob Hordern,Phil Lamb,Steve Milner.
_hTextual Documents
250 _aIst ed /
260 _aU.k :
_bHodder & Stoughton ,
_c2003.
300 _a190p ;
_c24cm.
653 _aGeography
653 _aG-Geog
700 _aLamb, Phil .
700 _aMilner, Steve .
942 _2ddc
_cBK
999 _c47032
_d47032